Introduction to biodeterioration / (Record no. 2038)
[ view plain ]
| 000 -LEADER | |
|---|---|
| fixed length control field | 00952nam a2200301 4500 |
| 001 - CONTROL NUMBER | |
| control field | 1942040 |
| 005 - DATE AND TIME OF LATEST TRANSACTION | |
| control field | 20260121120343.0 |
| 006 - FIXED-LENGTH DATA ELEMENTS--ADDITIONAL MATERIAL CHARACTERISTICS--GENERAL INFORMATION | |
| fixed length control field | 000 |
| 007 - PHYSICAL DESCRIPTION FIXED FIELD--GENERAL INFORMATION | |
| fixed length control field | 000 |
| 008 - FIXED-LENGTH DATA ELEMENTS--GENERAL INFORMATION | |
| fixed length control field | 000 |
| 010 ## - LIBRARY OF CONGRESS CONTROL NUMBER | |
| LC control number | 86189259 |
| 020 ## - INTERNATIONAL STANDARD BOOK NUMBER | |
| International Standard Book Number | 0713129018 |
| 040 ## - CATALOGING SOURCE | |
| Original cataloging agency | UOEL |
| Transcribing agency | DLC |
| Modifying agency | DLC |
| 050 00 - LIBRARY OF CONGRESS CALL NUMBER | |
| Classification number | TA418.74 |
| Item number | .A39 1986 |
| 082 00 - DEWEY DECIMAL CLASSIFICATION NUMBER | |
| Classification number | 620.1/1223 |
| Edition number | 19 |
| 100 1# - MAIN ENTRY--PERSONAL NAME | |
| Personal name | Allsopp, D. |
| 245 10 - TITLE STATEMENT | |
| Title | Introduction to biodeterioration / |
| Statement of responsibility, etc | Dennis Allsopp, Kenneth J. Seal |
| 260 ## - PUBLICATION, DISTRIBUTION, ETC. (IMPRINT) | |
| Place of publication, distribution, etc | London ; |
| -- | Baltimore, Md., U.S.A. : |
| Name of publisher, distributor, etc | E. Arnold, |
| Date of publication, distribution, etc | c1986. |
| 300 ## - PHYSICAL DESCRIPTION | |
| Extent | vii, 136 p. : |
| Other physical details | ill. ; |
| Dimensions | 24 cm. |
| 500 ## - GENERAL NOTE | |
| General note | Includes indexes. |
| 504 ## - BIBLIOGRAPHY, ETC. NOTE | |
| Bibliography, etc | Bibliography: p. [120]-128. |
| 650 #0 - SUBJECT ADDED ENTRY--TOPICAL TERM | |
| Topical term or geographic name as entry element | Material |
| General subdivision | Engineering (General) Civil engineering (General) |
| Form subdivision | |
| Topical term or geographic name as entry element | Biodegradation. |
| 700 1# - ADDED ENTRY--PERSONAL NAME | |
| Personal name | Seal, Kenneth J. |
| 740 0# - ADDED ENTRY--UNCONTROLLED RELATED/ANALYTICAL TITLE | |
| Uncontrolled related/analytical title | Biodeterioration. |
| 906 ## - LOCAL DATA ELEMENT F, LDF (RLIN) | |
| a | 7 |
| b | cbc |
| c | orignew |
| d | 3 |
| e | ncip |
| f | 19 |
| g | y-gencatlg |
| 942 ## - ADDED ENTRY ELEMENTS (KOHA) | |
| Source of classification or shelving scheme | Library of Congress Classification |
| Item type | BOOK |
| Withdrawn status | Lost status | Source of classification or shelving scheme | Damaged status | Not for loan | Home library | Current library | Shelving location | Date acquired | Total Checkouts | Full call number | Barcode | Date last seen | Copy number | Price effective from | Koha item type |
|---|---|---|---|---|---|---|---|---|---|---|---|---|---|---|---|
| Library of Congress Classification | UOE Main Library | UOE Main Library | Open shelf | 12/02/2015 | TA418.74 .A39 1986 | 903748 | 27/04/2026 | 903748 | 12/02/2015 | Loan - Normal on open shelf |
